Animaux d'Asie par images - Statistiques

Statistiques générales
  • Ce quiz a été pris 3 878 fois
    2 711 depuis la dernière actualisation
  • Le résultat moyen est 14 sur 24
Statistiques - réponses
Par images Réponse % Correct
Panda géant
100%
Chameau
99%
Tigre
99%
Paon
95%
Panda roux
92%
Cobra royal
89%
Panthère des neiges
89%
Orang-outan
84%
Frelon
80%
Tapir de Malaisie
79%
Varan de Komodo
66%
Yack
62%
Carpe koï
61%
Pangolin
61%
Python
52%
Nasique
43%
Grue du Japon
39%
Macaque japonais
33%
Tarsier
30%
Gibbon
25%
Gavial
24%
Caracal
21%
Gypaète barbu
14%
Saïga
7%
Aucun quiz correspondant
Distribution des résultats
% des personnes avec chaque résultat
Percentile par nombre de réponses
Votre historique - résultats
Vous n’avez pas pris ce quiz depuis la dernière actualisation